Equipes ayant tenu en échec l'Olympique Lyonnais (2021-2022) - Statistiques

Statistiques générales
  • Ce quiz a été pris 77 fois
  • Le résultat moyen est 10 sur 25
Statistiques - réponses
Journée Date Score Equipe % Correct
L1 : 02e 15 Août 2021 3 - 0 Angers SCO
75%
Europa League :Quarts de finale (Retour) 14 Avril 2022 0 - 3 West Ham United
72%
L1 : 01e 7 Août 2021 1 - 1 Stade Brestois
66%
Europa League :Quarts de finale (Aller) 7 Avril 2022 1 - 1 West Ham United
64%
L1 : 06e 19 Septembre 2021 2 - 1 Paris SG
63%
L1 : 03e 22 Août 2021 3 - 3 Clermont Foot 63
61%
Europa League :8e de finale (Retour) 17 Mars 2022 1 - 1 FC Porto
59%
L1 : 13e 7 Novembre 2021 4 - 1 Stade Rennais
53%
L1 : 28e 13 Mars 2022 2 - 4 Stade Rennais
52%
Europa League : 6e 9 Décembre 2021 1 - 1 Glasgow Rangers
36%
L1 : 11e 24 Octobre 2021 3 - 2 OGC Nice
36%
L1 : 20e 9 janvier 2022 1 - 1 Paris SG
36%
L1 : 23e 5 Février 2022 2 - 0 AS Monaco
31%
L1 : 18e 12 Décembre 2021 0 - 0 LOSC
28%
L1 : 26e 27 Février 2022 0 - 1 LOSC
28%
L1 : 36e 8 Mai 2022 3 - 2 FC Metz
27%
L1 : 19e 22 Décembre 2021 1 - 1 FC Metz
25%
L1 : 08e 25 Septembre 2021 1 - 1 Lorient FC
23%
L1 : 09e 3 Octobre 2021 1 - 1 ASSE
22%
L1 : 16e 1 Décembre 2021 1 - 2 Stade de Reims
22%
L1 : 33e 20 Avril 2022 2 - 1 Stade Brestois
20%
L1 : 25e 19 Février 2022 1 - 1 RC Lens
19%
L1 : 17e 5 Décembre 2021 2 - 2 Girondins de Bordeaux
17%
L1 : 31e 10 Avril 2022 1 - 1 RC Strasbourg
16%
L1 : 29e 20 Mars 2022 0 - 0 Stade de Reims
13%
Aucun quiz correspondant
Distribution des résultats
% des personnes avec chaque résultat
Percentile par nombre de réponses
Votre historique - résultats
Vous n’avez pas pris ce quiz